00462nam a2200133Ia 4500008004100000041000800041100001900049245005500068260003400123300000800157700004400165999001900209952010000228250110s9999 xx 000 0 und d aeng aBabar Priyanka aCorporate Headquarters For Solar Kirloskar Company bFinal year B Arch, Punec2012 a95p aGuide Name:Sahastrabuddhe Swati9209951 c363144d363144 00104070aBNCAbBNCAd2012-05-03l0pBNCA-PR-644r2025-01-10 00:00:00w2025-01-10yPRzPR0644